[Event "Goiania-ch U26 (Women)"]
[Site "Goiania"]
[Date "2013.10.27"]
[Round "6"]
[White "De Gusmao, Beatriz Cavalcante"]
[Black "Santos, Amanda Lima Dos"]
[Result "0-1"]
[WhiteElo "1800"]
[BlackElo "1768"]
[PlyCount "126"]
[EventDate "2013.10.24"]
[EventType "swiss"]
[EventRounds "7"]
[EventCountry "BRA"]
[SourceTitle "EXT 2014"]
[Source "ChessBase"]
[SourceDate "2013.11.20"]
[SourceVersion "1"]
[SourceVersionDate "2013.11.20"]
[SourceQuality "1"]

1. e4 c5 2. Nf3 e6 3. Nc3 d5 4. exd5 exd5 5. d4 Nf6 6. Bg5 Be6 7. Bb5+ Nc6 8. Ne5 Qb6 9. Qe2 Ne4 10. Bxc6+ bxc6 11. Nxe4 dxe4 12. Ng4 Qxb2 13. Rd1 Qc3+ 14. Rd2 Bd5 15. Ne3 Rb8 16. 0-0 cxd4 17. Nxd5 cxd5 18. Rfd1 Bc5 19. Bf4 Rb2 20. Be5 0-0 21. Bxd4 Bxd4 22. Rxd4 Rxc2 23. Qe3 Qxe3 24. fxe3 Rxa2 25. Rxd5 Re2 26. Re5 Rxe3 27. Kf2 Rd3 28. Ke2 Rfd8 29. Rxd3 exd3+ 30. Kd2 f6 31. Re7 a5 32. Ra7 Rd5 33. Ra8+ Kf7 34. Ra7+ Kg6 35. Rb7 Rf5 36. Ra7 Rf2+ 37. Kxd3 Rxg2 38. Rxa5 Rxh2 39. Ke3 f5 40. Kf3 Kg5 41. Kg3 Rh6 42. Rb5 Rc6 43. Rb3 h5 44. Ra3 f4+ 45. Kf3 h4 46. Ra5+ Kg6 47. Kxf4 Rc4+ 48. Kf3 Kh6 49. Rb5 g5 50. Kg2 Kh5 51. Kf3 h3 52. Kg3 Rc3+ 53. Kf2 Kh4 54. Rb4+ g4 55. Rb2 Rf3+ 56. Ke2 h2 57. Rb1 Rh3 58. Kf2 h1Q 59. Rxh1 Rxh1 60. Kg2 Ra1 61. Kh2 Ra2+ 62. Kg1 Kg3 63. Kf1 Kf3 0-1

[Event "Goiania-ch U26 (Women)"]
[Site "Goiania"]
[Date "2013.10.27"]
[Round "7"]
[White "Majewski, Mitiele Correa"]
[Black "De Gusmao, Beatriz Cavalcante"]
[Result "0-1"]
[WhiteElo "1794"]
[BlackElo "1800"]
[PlyCount "40"]
[EventDate "2013.10.24"]
[EventType "swiss"]
[EventRounds "7"]
[EventCountry "BRA"]
[SourceTitle "EXT 2014"]
[Source "ChessBase"]
[SourceDate "2013.11.20"]
[SourceVersion "1"]
[SourceVersionDate "2013.11.20"]
[SourceQuality "1"]

1. e4 e5 2. f4 Nc6 3. Bb5 Bd6 4. Bxc6 dxc6 5. fxe5 Bxe5 6. Nf3 Bg4 7. h3 Bxf3 8. Qxf3 Qh4+ 9. Ke2 Qf4 10. Qxf4 Bxf4 11. Rf1 Bh6 12. d3 Bxc1 13. Rxc1 0-0-0 14. Rf1 Nh6 15. Nd2 Rhe8 16. g4 f6 17. Rf2 Nf7 18. Re1 Ng5 19. h4 Ne6 20. Rf5 Nd4+ 0-1